| 000 | 00618nam a2200205Ii 4500 | ||
|---|---|---|---|
| 003 | JO-AjNU | ||
| 008 | 230605s9999||||xx |||||||||||||| ||und|| | ||
| 040 |
_aJO-AjNU _bara _erda _cJO-AjNU |
||
| 041 | _aara | ||
| 050 | 1 | 4 | _aG525 1995 |
| 100 | 3 |
_aالصلال، عايدة, _eauthor _936811 |
|
| 245 | 0 | 0 | _aمثلث برمودا: حقائق أغرب من الخيال |
| 250 | _aط1 | ||
| 264 | 3 | 1 | _aعمان: دار الاسراء، 1995 |
| 300 | _a79ص | ||
| 336 |
_atext _btxt _2rdacontent |
||
| 337 |
_aunmediated _bn _2rdamedia |
||
| 338 |
_avolume _bnc _2rdacarrier |
||
| 650 | 4 |
_aمثلث برمودا _936812 |
|
| 999 |
_aA15327 _c18895 _d18895 |
||